Southville International School and Colleges
Your cart is empty.
  • Cart
  • Lists
    Public lists Eva Luna New books Lux_list list_1
    Your lists Log in to create your own lists
  • Log in to your account
  • Your cookies
  • Search history
Southville International School and Colleges
  • Advanced search
  • Recent comments
  • Most popular
  • Libraries

Log in to your account

Log in with GOOGLE


If you do not have an external account, but do have a local account, you can still log in:

  1. Home
  2. MARC view: Pharmaceutical analysis :
Normal view MARC view ISBD view

Pharmaceutical analysis : (Record no. 117574)

[ view plain ]
MARC details
000 -LEADER
fixed length control field 00671nam a2200205Ia 4500
008 - FIXED-LENGTH DATA ELEMENTS--GENERAL INFORMATION
fixed length control field 140529s9999 xx 000 0 und d
020 ## - INTERNATIONAL STANDARD BOOK NUMBER
International Standard Book Number 9780702046216
050 ## - LIBRARY OF CONGRESS CALL NUMBER
Classification number RS 189
Item number .W332p 2012
100 ## - MAIN ENTRY--PERSONAL NAME
Personal name Watson, David G.
245 ## - TITLE STATEMENT
Title Pharmaceutical analysis :
Remainder of title a textbook for pharmacy students and pharmaceutical chemists /
Statement of responsibility, etc David G. Watson
250 ## - EDITION STATEMENT
Edition statement 3rd ed.
260 ## - PUBLICATION, DISTRIBUTION, ETC. (IMPRINT)
Place of publication, distribution, etc Edinburgh :
Name of publisher, distributor, etc Elsevier Churchill Livingstone,
Date of publication, distribution, etc c2012.
300 ## - PHYSICAL DESCRIPTION
Extent 427 p. :
Other physical details ill. ;
Dimensions 25 cm.
500 ## - GENERAL NOTE
General note Includes index.
650 ## - SUBJECT ADDED ENTRY--TOPICAL TERM
Topical term or geographic name as entry element Drugs
General subdivision Analysis.
650 ## - SUBJECT ADDED ENTRY--TOPICAL TERM
Topical term or geographic name as entry element Spectrophotometry
General subdivision Methods.
650 ## - SUBJECT ADDED ENTRY--TOPICAL TERM
Topical term or geographic name as entry element Spectrum Analysis
General subdivision Methods.
942 ## - ADDED ENTRY ELEMENTS (KOHA)
Call number prefix Foreign
Koha item type Books
Holdings
Withdrawn status Lost status Damaged status Home library Current library Shelving location Date acquired Cost, normal purchase price Total Checkouts Full call number Barcode Date last seen Price effective from Koha item type
      South SEED-LPDH College Library South SEED-LPDH College Library South SEED-LPDH College Section 05/30/2014 6112.00   RS 189 .W332p 2012 SSLC1313 05/15/2018 05/30/2014 Books

Pharmaceutical analysis :

APA

Watson D. G., . (2012). Pharmaceutical analysis. Edinburgh: Elsevier Churchill Livingstone.

Chicago

Watson David G, . 2012. Pharmaceutical analysis. Edinburgh: Elsevier Churchill Livingstone.

Harvard

Watson D. G., . (2012). Pharmaceutical analysis. Edinburgh: Elsevier Churchill Livingstone.

MLA

Watson David G, . Pharmaceutical analysis. Edinburgh: Elsevier Churchill Livingstone. 2012.

  • Place hold
  • Print
  • Cite
  • Add to your cart (remove)
  • Save record
    BIBTEX Dublin Core MARCXML MARC (non-Unicode/MARC-8) MARC (Unicode/UTF-8) MARC (Unicode/UTF-8, Standard) MODS (XML) RIS
  • More searches
    Search for this title in:
    Other Libraries (WorldCat) Other Databases (Google Scholar) Online Stores (Bookfinder.com) Open Library (openlibrary.org)

Exporting to Dublin Core...

SOUTHVILLE LIBRARY

Southville International School and Colleges Library

1281 Tropical Ave. Cor. Luxembourg St., BF Homes International, Las Pinas City

Tel. No. 8256374 / 252358 Loc. 117/146

Powered by Koha